000 00917nam a2200277Ia 4500
003 OSt
005 20221007125522.0
006 a|||||r|||| 00| 0
007 ta
008 221006b |||||||| |||| 00| 0 eng d
020 _a0471491810 (pbk)
_c2060.51
024 _a12197
037 _b858/2004-05, 31/05/2004, Educational Book Agency (India)
_cTextual
040 _aCDL
_cCDL
_beng
041 _2eng
_aeng
082 _aE:2, P4 Carc
100 _aMonk Paul
_9722060
245 0 _aPhysical chemistry: understanding our chemical world
260 _aChichester
_bJohn Wiley & Sons Ltd.
_c2004
300 _axxxii, 586p.
_ccm.
500 _aBibliogrphy 533-564p.; Index 565-586p.
650 _a Physical chemistry
_9192709
650 _aChemistry
942 _hE:2, P4 Carc
_cTEXL
_2CC
999 _c1215424
_d1215424